La física de la inmortalidad: cosmología contemporánea Dios y la resurrección de los muertos
Saved in:
| 主要作者: | |
|---|---|
| 格式: | 圖書 |
| 語言: | 西班牙语 |
| 出版: |
Madrid
ALianza
1996
|
| 叢編: | Alianza Universidad, 804
|
| 主題: | |
| 標簽: |
添加標簽
沒有標簽, 成為第一個標記此記錄!
|
MARC
| LEADER | 00000nam a2200000 a 4500 | ||
|---|---|---|---|
| 001 | UCH3092 | ||
| 003 | CL-VaPUC | ||
| 008 | 090715e19960000SP |||||||||||||||||spa|d | ||
| 020 | |a 8420628409 | ||
| 082 | 0 | 4 | |a 523.1 |b TIP |2 21 |
| 100 | 0 | |a Tipler, Frank J |e author |9 538249 | |
| 245 | 1 | 3 | |a La física de la inmortalidad: cosmología contemporánea Dios y la resurrección de los muertos |
| 300 | |a 613 p | ||
| 942 | |c BK | ||
| 945 | |d 20090715 00:00:00 |a rbrito | ||
| 260 | |a Madrid |b ALianza |c 1996 | ||
| 650 | 0 | |a Cosmología |9 269138 | |
| 650 | 0 | |a Filosofía de las ciencias |9 256466 | |
| 650 | 0 | |a Espacio |9 336785 | |
| 650 | 7 | |a PUNTO OMEGA |2 CL-VaPUC |9 538250 | |
| 650 | 0 | |a Física cuántica |9 354949 | |
| 650 | 7 | |a FISICA MODERNA |2 CL-VaPUC |9 316548 | |
| 583 | |a last modification |c 20121001 11:11:37 |k Rodrigo Vera | ||
| 490 | 0 | |a Alianza Universidad, 804 | |
| 999 | |c 334730 |d 334728 | ||
| 952 | |0 0 |1 0 |4 0 |6 523_100000000000000_TIP_1996 |7 0 |8 A |9 423876 |a BIBCUR |b BIBCUR |d 2019-11-22 |i 4528867 |o 523.1 TIP 1996 |p 4528867 |r 2025-04-22 |w 2019-11-22 |y BK |k FIS | ||